-
Instituto Geográfico Nacional José Joaquín Hungría Morell (IGN-JJHM).
Entrada Nombre corporativo
Número de registros utilizados en: 1
001 - NÚMERO DE CONTROL
003 - IDENTIFICADOR DEL NÚMERO DE CONTROL
- campo de control:
DR-UNIBE
005 - FECHA Y HORA DE LA ÚLTIMA TRANSACCIÓN
- campo de control:
20260415145444.0
008 - DATOS DE LONGITUD FIJA
- campo de control de longitud fija:
260415|| aca||aabn | a|a d
040 ## - FUENTE DE LA CATALOGACIÓN
- Centro catalogador/agencia de origen:
DR-UNIBE
- Centro/agencia transcriptor:
DR-UNIBE
110 ## - ENCABEZAMIENTO-NOMBRE DE ENTIDAD CORPORATIVA
- Nombre de entidad corporativa o nombre de jurisdicción como elemento de entrada:
Instituto Geográfico Nacional José Joaquín Hungría Morell (IGN-JJHM).
- Unidad subordinada:
Departamento de Investigación
670 ## - FUENTE DE DATOS ENCONTRADOS
- Cita de la fuente:
Work cat.: (DR-UNIBE)114582: Instituto Geográfico Nacional José Joaquín Hungría Morell (IGN-JJHM). Departamento de Investigación autor, Presión humana sobre los humedales de San Antonio de Guerra en la República Dominicana :, 2026